000 00692nam a22002057a 4500
003 OSt
005 20131119175337.0
008 131115b1985 slv spa
040 _cBMC
082 _a972.8412
100 1 _99480
_aSalaverría, Joaquín
245 1 0 _aChalchuapa
_c[Joaquín Salaverría]
250 _a1ª ed
260 _aSan Salvador
_bMinisterio de Educación, Dirección de Publicaciones
_c1985
300 _a103 p.
_bil.
_c24 cm
500 _aEn la port.: Departamento de Historia, Dirección de Investigaciones, Dirección de Patrimonio Cultural
651 4 _99309
_aChalchuapa (El Salvador)
_xDescripción
651 4 _99298
_aEl Salvador
_xDescripción
942 _2ddc
_cBK
999 _c4200
_d4200